Quiz spé svt terminale - Climat - Statistiques

Statistiques générales
  • Ce quiz a été pris 205 fois
  • Le résultat moyen est 4 sur 9
Statistiques - réponses
Hint Réponse % Correct
Vrai ou faux : l'orogenese permet la capture du CO2 et donc la réduction de gaz a effets de serre Vrai
91%
Souvent continentaux, leur fonte augmente le niveau de la mer Glacier
78%
Si l'on mesure le rapport delta O18 au niveau des foraminifères vivant dans les fonds marins , un delta O18 faible indiquerait une température..... Élevée
53%
Qui est responsables du réchauffement climatique observé ces 150 dernières années Humain
46%
Principe utilisé par exemple en examinant des pollens de différentes périodes, qui détermine que les phénomènes du passé s'expliquent comme ceux d'aujourd'hui Actualisme
33%
Nom donné a trois paramètres expliquant les variations des paramètres orbitaux de la Terre Milankovitch
33%
Période la plus récente du cénozoïque contenant l'Holocène et le Pléistocène Quaternaire
32%
Formation d'un supercontinent Pangée
29%
Partie de l'océan responsable en autre de l'élévation du niveau marin Dorsale
24%
Aucun quiz correspondant
Distribution des résultats
% des personnes avec chaque résultat
Percentile par nombre de réponses
Votre historique - résultats
Vous n’avez pas pris ce quiz